[Event "ROM-ch U10 Boys"]
[Site "Voineasa"]
[Date "2008.04.16"]
[Round "7"]
[White "Tomescu, Tudor Gabriel"]
[Black "Ispas, Andrei"]
[Result "1-0"]
[WhiteElo "641"]
[BlackElo "401"]
[PlyCount "57"]
[EventDate "2008.04.08"]
[EventType "swiss"]
[EventRounds "9"]
[EventCountry "ROU"]
[SourceTitle "EXT 2013"]
[Source "ChessBase"]
[SourceDate "2012.11.22"]
[SourceVersion "1"]
[SourceVersionDate "2012.11.22"]
[SourceQuality "1"]

1. e4 e5 2. Nf3 Nc6 3. Bc4 Bc5 4. d3 Nf6 5. Bg5 0-0 6. Nc3 d6 7. h3 b6 8. Nd5 Be6 9. Nxf6+ gxf6 10. Bh6 Re8 11. Nh2 Bd7 12. Bd5 Nd4 13. c3 Ne6 14. Bxa8 Qxa8 15. b4 Bd4 16. cxd4 exd4 17. Ng4 Qd8 18. Qf3 Kh8 19. Qxf6+ Kg8 20. Qxd8 Rxd8 21. Nf6+ Kh8 22. Nxd7 Rxd7 23. 0-0 a6 24. f4 c5 25. a3 cxb4 26. axb4 Nc7 27. Rf3 d5 28. e5 Re7 29. Rc1 1-0

[Event "ROM-ch U10 Boys"]
[Site "Voineasa"]
[Date "2008.04.14"]
[Round "4"]
[White "Tomescu, Tudor Gabriel"]
[Black "Petre, Tudor Stefan"]
[Result "1-0"]
[WhiteElo "641"]
[BlackElo "425"]
[PlyCount "97"]
[EventDate "2008.04.08"]
[EventType "swiss"]
[EventRounds "9"]
[EventCountry "ROU"]
[SourceTitle "EXT 2013"]
[Source "ChessBase"]
[SourceDate "2012.11.22"]
[SourceVersion "1"]
[SourceVersionDate "2012.11.22"]
[SourceQuality "1"]

1. e4 e5 2. Nf3 Nc6 3. Bc4 Bc5 4. d3 Nf6 5. Bg5 h6 6. Bh4 d6 7. h3 g5 8. Bg3 Bd7 9. Nc3 Qe7 10. h4 g4 11. Nd2 0-0-0 12. h5 Nd4 13. Bh4 Be6 14. Bxe6+ Qxe6 15. Ne2 Kb8 16. Nxd4 Bxd4 17. c3 Bb6 18. Qb3 Rde8 19. Qxe6 Rxe6 20. 0-0-0 d5 21. exd5 Nxd5 22. Bg3 Nf4 23. Bxf4 exf4 24. f3 g3 25. Rde1 Rd8 26. d4 c5 27. dxc5 Bxc5 28. Rxe6 fxe6 29. Ne4 Be3+ 30. Kc2 Kc7 31. Rd1 Rxd1 32. Kxd1 Kc6 33. Kc2 Kd5 34. Kd3 Bc1 35. b3 Ba3 36. Nf6+ Kc6 37. Ke4 Be7 38. Ng4 Bg5 39. Ke5 Kd7 40. c4 b6 41. a3 a5 42. b4 a4 43. c5 b5 44. c6+ Kxc6 45. Kxe6 Bh4 46. Nxh6 Kc7 47. Nf5 Bg5 48. h6 Bxh6 49. Nxh6 1-0